The most excellent book of how to do card tricks / (Record no. 59319)

MARC details
000 -LEADER
fixed length control field 00701nam a22001937a 4500
005 - DATE AND TIME OF LATEST TRANSACTION
control field 20111212152050.0
020 ## - INTERNATIONAL STANDARD BOOK NUMBER
International Standard Book Number 9788121938327
Terms of availability 99.00
037 ## - SOURCE OF ACQUISITION
Source of stock number/acquisition S. Chand Publishing
100 ## - MAIN ENTRY--PERSONAL NAME
Personal name Eldin, Peter
245 ## - TITLE STATEMENT
Title The most excellent book of how to do card tricks /
Statement of responsibility, etc by Peter Eldin; edited by Katie Roden illustrated by Rob Shone
260 ## - PUBLICATION, DISTRIBUTION, ETC. (IMPRINT)
Place of publication, distribution, etc New Delhi
Name of publisher, distributor, etc S. Chand Publishing
Date of publication, distribution, etc 2011
270 ## - ADDRESS
Address 7361, Ram Nagar
City New Delhi
Postal code 110055
300 ## - PHYSICAL DESCRIPTION
Extent 32p.
Other physical details ill.
Dimensions 24cm(pbk)
490 ## - SERIES STATEMENT
Series statement Most excellent
-- 36857
700 ## - ADDED ENTRY--PERSONAL NAME
Personal name Roden, Katie
9 (RLIN) 36858
700 ## - ADDED ENTRY--PERSONAL NAME
Personal name Shone, Rob
9 (RLIN) 36859
942 ## - ADDED ENTRY ELEMENTS (KOHA)
Source of classification or shelving scheme Dewey Decimal Classification
Item type Children Books
Call number suffix ELD
Holdings
Withdrawn status Lost status Not for loan Home library Current library Date acquired Cost, normal purchase price Full call number Cost, replacement price Koha item type
      Andrews Gunj Andrews Gunj 12/12/2011 99.00 ELD 99.00 Children Books

© Delhi Public Library
Hit Counter
free hit counter